Slovakia 2007 evaluation of economic and social measures : (the HESO project)

Bibliographic Details
Other Authors: Zachar, Dušan (ekonóm) (Editor)
Format: Book
Language:English
PhysicalDescription:92 s. grafy, tab. 30 cm
Published: Bratislava INEKO 2008
ISBN:9788089026265 (brož.)
Edition:[1st ed.]
Subjects:

MARC

LEADER 00000nam a2200000 a 4500
001 vtls009340116
003 SK-MaSNL
005 20260426012015.0
008 151112s2008 xo dl d 000 0 eng
015 |a SNBA2008/09-04426 
020 |a 9788089026265 (brož.) 
035 |a B86105AB-725C-4C94-A738-C04DFBBDCADD 
035 |a urn:nbn:sk:snk-amjvp2 
035 |a urn:nbn:sk:snk-am0080no 
040 |a SNK  |b slo  |c SNK  |e AACR2 
041 0 |a eng 
043 |a e-xo--- 
044 |a xo  |c SK 
072 7 |a 330.5+338  |x Národné hospodárstvo a hospodárska politika  |2 konspekt 
072 7 |a 316.4  |x Sociálne procesy  |2 konspekt 
080 |a 005.591  |2 2001 
080 |a 316.4  |2 2001 
080 |a 338.24.021.8  |2 2001 
080 |a 36  |2 2001 
080 |a 303.094.5  |2 2001 
080 |a (437.6)  |2 2001 
080 |a (048.8)  |2 2001 
245 0 0 |a Slovakia 2007  |b evaluation of economic and social measures : (the HESO project)  |c Dušan Zachar (ed.) 
250 |a [1st ed.] 
260 |a Bratislava  |b INEKO  |c 2008 
300 |a 92 s.  |b grafy, tab.  |c 30 cm 
630 0 7 |a HESO (projekt)  |2 SNKPH  |9 479551 
648 7 |a 2007  |2 SNKPH  |9 313226 
650 0 7 |a programy a projekty  |2 SNKPH  |9 82765 
650 0 7 |a sociálne procesy  |2 SNKPH  |9 63469 
650 0 7 |a ekonomické reformy  |2 SNKPH  |9 2145 
650 0 7 |a sociálna politika  |2 SNKPH  |9 2333 
650 0 7 |a sociálne reformy  |2 SNKPH  |9 13895 
651 7 |a Slovensko  |2 SNKPH  |9 14231 
655 7 |a štúdie  |2 SNKPH  |9 57033 
700 1 |a Zachar, Dušan  |c (ekonóm)  |4 edt  |9 395960 
919 |a 978-80-89026-26-5 
968 |d 33 
999 |c 1086309  |d 1088239 
952 |a SNK  |b SNK  |y PREZ  |7 0  |p 17A0599700  |o snkSB 76706  |i snk2008/18060  |8 0  |0 0  |1 0  |4 0  |d 2008-09-30  |f 1  |l 0  |r 2017-06-30 00:00:00  |w 2026-02-24 
952 |a SNK  |b SNK  |y VYP  |7 0  |p 17A0599701  |o snkSB 76706 D1  |i snk2008/18063  |8 0  |0 0  |1 0  |4 0  |d 2008-09-30  |l 0  |r 2016-06-30 00:00:00  |w 2026-02-24